书目信息 |
| 题名: |
金融与货币经济学前沿问题
|
|
| 作者: | 多德, , 刘易斯, 主编 ;陈雨露 , 王芳 译 | |
| 分册: | ||
| 出版信息: | 北京 中国税务出版社 2000.01 |
|
| 页数: | 266页 | |
| 开本: | 20cm | |
| 丛书名: | 麦克米伦经济学前沿问题丛书 | |
| 单 册: | ||
| 中图分类: | F830 | |
| 科图分类: | ||
| 主题词: | 货币和银行经济学--研究 | |
| 电子资源: | ||
| ISBN: | 7-80117-292-2 | |
| 000 | 01293nam 2200313 450 | |
| 001 | 012001007742 | |
| 005 | 20050913112937.01 | |
| 010 | @a7-80117-292-2@dCNY19.00 | |
| 100 | @a20010214d2000 kemy0chiy0121 ea | |
| 101 | 1 | @achi@ceng |
| 102 | @aCN@b110000 | |
| 105 | @ay z 000yy | |
| 200 | 1 | @a金融与货币经济学前沿问题@Ajin rong yu huo bi jing ji xue qian yan wen ti@f凯文·多德, 默文·K.刘易斯主编@Fkai wen·duo de,mo wen·K.liu yi si zhu bian@g陈雨露, 王芳译@Gchen yu lu,wang fang yi |
| 210 | @a北京@c中国税务出版社@c北京腾图电子出版社@d2000.01 | |
| 215 | @a266页@d20cm | |
| 225 | 2 | @a麦克米伦经济学前沿问题丛书@v6 |
| 306 | @a英国麦克米伦出版公司授权出版。 | |
| 312 | @a英文题名取自封面。 | |
| 330 | @a本书包括:货币本位选择、金融媒介之新理论、金融市场的运作、金融创新:前因与后果、银行业改革、放松管制与货币政策、货币政策的可信度与连贯性等内容。 | |
| 410 | 0 | @12001 @a麦克米伦经济学前沿问题丛书 |
| 510 | 1 | @aCurrent Issues in Financial and Monetary Economics@zeng |
| 606 | 0 | @a货币和银行经济学@x研究 |
| 690 | @aF830@v4 | |
| 701 | 1 | @a多德,@Aduo de,@bK.@g(Dowd, K.)@4主编 |
| 701 | 1 | @a刘易斯,@Aliu yi si,@bM.K.@g( Lewis, M.K.)@4主编 |
| 702 | 0 | @a陈雨露@Achen yu lu@4译 |
| 702 | 0 | @a王芳@Awang fang@4译 |
| 801 | 0 | @aCN@bQSSK@c20050913 |
| 905 | @a10447@dF830@eD970 | |
| 金融与货币经济学前沿问题/凯文·多德, 默文·K.刘易斯主编/陈雨露, 王芳译.-北京:中国税务出版社:北京腾图电子出版社,2000.01 |
| 266页;20cm.-(麦克米伦经济学前沿问题丛书;6) |
| ISBN 7-80117-292-2:CNY19.00 |
| 本书包括:货币本位选择、金融媒介之新理论、金融市场的运作、金融创新:前因与后果、银行业改革、放松管制与货币政策、货币政策的可信度与连贯性等内容。 |
| ● |
| 相关链接 |
|
|
|
正题名:金融与货币经济学前沿问题
索取号:F830/D970
 
预约/预借
| 序号 | 登录号 | 条形码 | 馆藏地/架位号 | 状态 | 备注 |
| 1 | 570194 | 205701944 | 社科库409/409社科库 50排5列1层/ [索取号:F830/D970] | 在馆 | |
| 2 | 570195 | 205701953 | 社科二线422/409社科库 50排5列1层/ [索取号:F830/D970] | 在馆 | |
| 3 | 570196 | 205701962 | 社科库409/422社科库 34排4列1层/ [索取号:F830/D970] | 在馆 |